Realizácia investičnej výstavby a jej problémy

Bibliographic Details
Main Author: Makyta, Milan (Author)
Format: Article
Language:Slovak
Subjects:

MARC

LEADER 00000nab a2200000 a 4500
001 vtls000045052
003 SK-MaSNL
005 20260303023250.0
008 111103c1979 xo 0 slo
015 |a SNBRB19rr/mm-uuuuu 
035 |a CL0055147 
040 |a SNKBUCL  |b slo  |c SNKBUCL  |e AACR2 
041 0 |a slo 
044 |a xo  |c SK 
080 |a 330.3  |2 1981 
080 |a 69  |2 1981 
080 |a 334.1/.6  |2 1981 
100 1 |a Makyta, Milan  |4 aut  |9 937175 
245 1 0 |a Realizácia investičnej výstavby a jej problémy  |c Milan Makyta 
650 0 7 |a výrobné družstvá  |2 snkbucl  |9 2136 
655 7 |a články z novín a časopisov  |2 snkbucl  |9 267496 
773 0 |t Výrobné družstevníctvo  |g Roč. 25, č. 25 (5. 12. 1979), s. 3 a 5 
850 |a Slovenská národná knižnica v Martine  |a MTA001 
852 |a SNK  |b KIS3GCP 
958 |a RK 
992 |a RBX 
999 |c 1633513  |d 1635443